MDQL
is popping MORE tags! Check the
thread
!
Quizzes
Events
Quiz Creation
Community
Videos
Private Events
Remove Ads
Sign In
Join for FREE
Feedback
Dark Mode
Quiz Categories
Sports
Geography
Music
Movies
Television
Just For Fun
Miscellaneous
History
Literature
Language
Science
Gaming
Entertainment
Religion
Holiday
For Kids
Quiz Lab
Recent
Popular Today
Quiz Kudos Today
Editor Picks
Curator Picks
Quizzes by...
Day
Popularity
Type
Ratings
Length
Year
Community
Subscriptions
Recent Discussions
Orange Saloon
Badges
Playlists
Quests
Create
Leaderboards
Showdown
Live 5
Trivia Bingo
Activity
Puzzle Library
Sporcle Events
Private Events
Virtual Trivia
Globe League
Become a Host
Pub Owners
SporcleCon
Opinionation
Our Games
Videos
Blog
Mobile Apps
Partnerships
Remove Ads and Go Orange
Feedback
Sports
Athletes
MLB
NBA
NHL
NFL
Soccer
Sports Teams
WWE
NCAA
Football
Premier League
Basketball
Baseball
Hockey
Golf
Tennis
Cricket
Rugby
Auto Racing
Olympics
World Cup
Sports
Athletes
MLB
NBA
NHL
NFL
Soccer
Sports Teams
WWE
NCAA
Football
Premier League
Basketball
Baseball
Hockey
Golf
Tennis
Cricket
Rugby
Auto Racing
Olympics
World Cup
Random Quiz
Search Sporcle
×
Quiz Lab
Quiz Lab
Sports
Soccer
Type in answers that appear in a list
Type in answers that appear in a list
Classic
Best Score? Go Orange.
Bundesliga 2010/11 Goalscorers Stats
Can you name the Bundesliga 2010/11 Goalscorers?
By
adrian10
20m
221 Questions
126 Plays
126 Plays
126 Plays
Comments
Comments
Give Quiz Kudos
Give Quiz Kudos
-
- Ratings
hide this ad
Replay
Link that replays current quiz
Next Quiz
Link to next quiz in quiz playlist
You Got
0%
They Got
Avg Score
32%
Avg Friend Score
Upgrade to see
Score Distribution
Jump to the score distribution portion of the page
Score
0/221
Timer
20:00
0
Plays Today
Goals
Footballer
% Correct
28
Mario Gomez
98.4%
13
Lukas Podolski
94.4%
6
Demba Ba
93.7%
12
Arjen Robben
88.9%
12
Thomas Muller
88.1%
16
Lucas Barrios
87.3%
13
Raul
84.1%
22
Papiss Demba Cisse
83.3%
7
Franck Ribery
83.3%
17
Milivoje Novakovic
77%
10
Marco Reus
76.2%
3
Aaron Hunt
74.6%
8
Klaas-Jan Huntelaar
73.8%
8
Robert Lewandowski
73%
7
Stefan Kiessling
73%
4
Bastian Schweinsteiger
72.2%
16
Theofanis Gekas
70.6%
3
Philipp Lahm
70.6%
16
Srdjan Lakic
69%
9
Claudio Pizarro
69%
6
Mario Gotze
69%
15
Andre Schurrle
68.3%
11
Mladen Petric
68.3%
8
Cacau
67.5%
8
Vedad Ibisevic
66.7%
8
Shinji Kagawa
66.7%
14
Didier Ya Konan
65.9%
10
Edin Dzeko
65.9%
6
Nuri Sahin
65.9%
5
Mats Hummels
65.9%
1
Neven Subotic
65.1%
9
Grafite
61.9%
1
Miroslav Klose
61.9%
8
Kevin Grosskreutz
60.3%
6
Diego
57.9%
6
Eren Derdiyok
57.1%
2
Daniel van Buyten
57.1%
3
Jefferson Farfan
56.3%
9
Martin Harnik
54.8%
6
Torsten Frings
54.8%
3
Jakub Błaszczykowski
54.8%
1
Toni Kroos
54.8%
3
Lars Bender
54%
1
Sven Bender
54%
8
Mario Mandzukic
53.2%
4
Lewis Holtby
52.4%
3
Luiz Gustavo
50.8%
2
Alexander Meier
50%
6
Gerald Asamoah
49.2%
7
Ruud van Nistelrooy
48.4%
4
Mike Hanke
47.6%
3
Marko Marin
47.6%
2
Per Mertesacker
47.6%
1
Benedikt Howedes
46.8%
10
Mohammed Abdellaoue
46%
5
Sejad Salihovic
46%
5
Ilkay Gundogan
46%
3
Heung-Min Son
46%
2
Dante
46%
6
Patrick Helmes
45.2%
10
Arturo Vidal
43.7%
5
Simon Rolfes
43.7%
1
Martin Demichelis
43.7%
4
Jose Paolo Guerrero
42.9%
2
David Alaba
42.9%
7
Sidney Sam
42.1%
3
Gonzalo Castro
42.1%
7
Julian Schieber
41.3%
4
Jan Schlaudraff
41.3%
10
Sami Allagui
40.5%
4
Adam Szalai
40.5%
3
Marko Arnautovic
39.7%
2
Hamit Altintop
38.9%
2
Tranquillo Barnetta
38.9%
Goals
Footballer
% Correct
2
Heiko Westermann
38.9%
1
Christoph Metzelder
38.9%
4
Juan Arango
38.1%
3
Mehmet Ekici
38.1%
2
Marcell Jansen
38.1%
1
Julian Draxler
37.3%
9
Zdravko Kuzmanovic
36.5%
6
Renato Augusto
36.5%
3
Anatoliy Tymoschuk
36.5%
3
Jose Manuel Jurado
36.5%
9
Hugo Almeida
35.7%
2
Piotr Trochowski
35.7%
7
Igor de Camargo
34.1%
3
Tamas Hajnal
34.1%
2
Christian Tiffert
34.1%
1
Antonio da Silva
34.1%
5
Sergio Pinto
33.3%
1
Ze Roberto
32.5%
2
Geromel
31.7%
1
Jermaine Jones
31.7%
8
Pavel Pogrebnyak
31%
2
Michal Kadlec
31%
3
Patrick Herrmann
30.2%
2
Marvin Compper
30.2%
4
Filip Daems
29.4%
3
Ciprian Marica
29.4%
2
Sascha Riether
29.4%
1
Christian Trasch
29.4%
5
Ivo Ilicevic
28.6%
3
Edu
28.6%
3
Andreas Ivanschitz
28.6%
4
Christian Schulz
27.8%
1
Karim Haggui
27.8%
9
Gylfi Thor Sigurdsson
27%
2
Eljero Elia
26.2%
5
Mohamadou Idrissou
25.4%
2
Shinji Okazaki
25.4%
5
Konstantin Rausch
24.6%
4
Peniel Mlapa
24.6%
3
Raul Bobadilla
24.6%
2
Joris Mathijsen
24.6%
1
Sebastian Prodl
24.6%
1
Ryan Babel
24.6%
5
Christian Gentner
23.8%
5
Matthias Lehmann
23.8%
5
Sandro Wagner
23.8%
2
Stefan Reinartz
23.8%
2
Martin Amedick
23.8%
8
Christian Eigler
23%
3
Robert Mak
23%
3
Philipp Wollscheid
23%
1
Sebastian Rudy
23%
1
Mathieu Delpierre
23%
3
Andreas Wolf
22.2%
3
Roberto Firmino
22.2%
2
Patrick Ochs
22.2%
5
Erwin Hoffer
21.4%
2
Nikolce Noveski
21.4%
1
Florian Dick
21.4%
1
Martin Stranzl
21.4%
3
Fabian Boll
20.6%
2
Jonathan Pitroipa
20.6%
2
Max Kruse
20.6%
2
Timmy Simons
20.6%
1
Martin Fenin
20.6%
1
Roel Brouwers
20.6%
1
Angelos Charisteas
20.6%
3
Marius Ebbers
19.8%
2
Christian Clemens
19.8%
1
Mikael Silvestre
19.8%
3
Ashkan Dejagah
19%
2
Javier Pinola
19%
1
Timothy Chandler
19%
1
Marco Caligiuri
19%
Goals
Footballer
% Correct
5
Georg Niedermeier
18.3%
2
Lars Stindl
18.3%
1
Peer Kluge
18.3%
1
Roman Neustadter
18.3%
2
Mato Jajalo
17.5%
1
Petit
17.5%
3
Julian Schuster
16.7%
4
Stefan Reisinger
15.9%
4
Elkin Soto
15.9%
2
Gojko Kacar
15.9%
2
Adam Matuszczyk
15.9%
2
Martin Lanig
15.1%
2
Rodnei
15.1%
3
Isaac Vorsah
14.3%
2
Arthur Boka
14.3%
2
Youssef Mohamad
14.3%
1
Sami Hyypia
14.3%
1
Marco Russ
14.3%
3
Hanno Balitsch
13.5%
1
Ivan Rakitic
13.5%
1
Simon Kjaer
13.5%
3
Michael Bradley
12.7%
2
Timo Gebhart
12.7%
2
Sebastian Rode
12.7%
1
Carlos Zambrano
12.7%
1
Caio
12.7%
1
Kevin McKenna
12.7%
5
Jan Rosenthal
11.9%
2
Fin Bartels
11.9%
2
Chris
11.9%
1
Thorben Marx
11.9%
5
Jan Moravek
11.1%
3
Jens Hegeler
11.1%
1
Iljan Micanski
11.1%
1
Sven Schipplock
11.1%
4
Charles Takyi
10.3%
3
Anis Ben-Hatira
10.3%
2
Marcel Risse
10.3%
2
Almog Cohen
10.3%
1
Georgios Tzavellas
10.3%
1
Heiko Butscher
10.3%
1
Wesley
10.3%
1
Oliver Barth
10.3%
1
Sebastian Freis
10.3%
2
Johannes Flum
9.5%
2
Petar Sliskovic
9.5%
1
Pirmin Schwegler
9.5%
1
Niko Bungert
8.7%
1
Deniz Naki
8.7%
3
Adam Nemec
7.9%
1
Thomas Kahlenberg
7.9%
1
Per Nilsson
7.9%
3
Florian Bruns
7.1%
2
Benjamin Kohler
7.1%
2
Mathias Abel
7.1%
2
Eric Maxim Choupo-Moting
7.1%
1
Adil Chihi
7.1%
1
Cicero
7.1%
2
Mike Frantz
6.3%
2
Boris Vukcevic
6.3%
1
Jan Polak
6.3%
1
Markus Thorandt
5.6%
1
Richard Sukuta-Pasu
4.8%
1
Havard Nordtveit
4.8%
2
Morten Rasmussen
4%
1
Patrick Funk
4%
1
Rouwen Hennings
4%
1
Taner Yalcin
4%
1
Marcel Eger
3.2%
1
Florian Heller
3.2%
1
Julian Wiessmeier
1.6%
2
Stiven Rivic
0.8%
1
Adam Hlousek
0.8%
Quiz Playlist
Details
Report
Send in Message
Add To Playlist
Classic:
Type in answers that appear in a list
Quiz Source
Last Updated: Feb 16, 2017
Quiz Scoreboard
CHALLENGE
Sign Up to Join the Scoreboard
Show All
Scores
Hide
Comments
May contain spoilers
Recently Published
5x2 Blitz: Bands
by SL_Kpop136
Music
30s
Colored Red Africa Blitz
by spor1
Geography
30s
Find the 'City' Movie
by crazypaving
Movies
60s
More to Explore
Quiz From the Vault
Featured Blog Post
14 Easter Pick-up Lines to Find Eggs With
hide this ad
You Might Also Like...
Tags
Football Quiz
Soccer Quiz
Bayern München
Bayern Munich
Borussia Dortmund
bundesliga
Bundesliga Goal
Bundesliga Players
Germany
Goal Scorers
schalke
Scorer
Today's Top Quizzes in Sports
Browse Sports
hide this ad
Today's Top Quizzes in Soccer
Browse Soccer
Top Contributed Quizzes in Sports
1
Les meilleurs buteurs des matchs entre le PSG et l’OM
2
Les entraîneurs de l'OM et du PSG au 21e siècle
3
Les joueurs passés par le PSG et l'OM
4
2022 World Cup Stars
5
Players with Multiple 50 Home Run Seasons
6
Criteria MLB: Left Handed Sluggers
7
MLB Players with Two .350 Batting Average Seasons
8
Les joueurs passés par le LOSC et le RC Lens
9
NBA Logic Puzzle 2.0
10
Top 10 NHL Goal Scorers of All Time
Explore More
Trending Topics
Marvel
Harry Potter
NBA
Crossword
Kpop
Disney
Anime
Song
WWE
NFL
The Office
Country
Soccer
Puzzle
Pokémon
hide this ad
More By:
adrian10
Quiz
Plays
Rating
Category
Featured
Created
Champions League Goalscorers: Liverpool
7,918
4.81
Sports
Jan 2, 2013
Champions League Goalscorers: Manchester United
7,551
4.82
Sports
Dec 18, 2012
FIFA World Cup and UEFA Champions League winners
7,269
4.55
Sports
Jun 25, 2011
Champions League Goalscorers: FC Barcelona
6,838
4.93
Sports
Dec 17, 2012
Champions League Goalscorers: AC Milan
6,629
4.55
Sports
Dec 20, 2012
Go to Creator's Profile
Score Distribution
Quiz Creator Spotlight
adrian10
Follow
Send a Message
Quizzes Created
-
Created Quiz Play Count
-
More By This Creator
Popular Quizzes Today
1
Colored Red Africa Blitz
2
Find the US States - No Outlines Minefield
3
Find the 'City' Movie
4
5x2 Blitz: Bands
5
The Countries of the World
6
Find the US States
7
US States
8
Find the Countries of Europe - No Outlines Minefield
More Sports Quizzes
Arizona Diamondbacks World Series Opponents
Quiz Lab
Trending Quizzes
Colored Red Europe Blitz I
Colored Red Europe Blitz II
Colored Red Africa Blitz II
Colored Red Europe Blitz III
Colored Red Africa Blitz III
Recently Updated
How Do You Spell That?
pecheneg
Godzilla Movies
pecheneg
Grab Bag: 4-10 Letters
pecheneg
2024 March Madness Bracket
pecheneg
Famous TV Couples
Peacemaker
Champions League XIs: Real Madrid
pecheneg
Largest US Cities 1790-2010
pecheneg
Rides in Walt Disney World
pecheneg
Most Oscar Losses (Acting)
pecheneg
Beyoncé Albums
pecheneg
Trending Topics
Harry Potter
Crossword
NBA
Anime
Disney
Kpop
Marvel
Pokémon
Country
NFL
Puzzle
Song
The Office
WWE
Soccer
Your Account Isn't Verified!
In order to create a playlist on Sporcle, you need to verify the email address you used during registration. Go to your
Sporcle Settings
to finish the process.
Report this User
Report this user for behavior that violates our
Community Guidelines
.
Details:
Send Report
Go to the Sporcle.com Mobile Site →
Comments